<?xml version="1.0" encoding="UTF-8"?>
<record
    xmlns:xsi="http://www.w3.org/2001/XMLSchema-instance"
    xsi:schemaLocation="http://www.loc.gov/MARC21/slim http://www.loc.gov/standards/marcxml/schema/MARC21slim.xsd"
    xmlns="http://www.loc.gov/MARC21/slim">

  <leader>01415nam a22002057a 4500</leader>
  <controlfield tag="003">OSt</controlfield>
  <controlfield tag="005">20210204135959.0</controlfield>
  <controlfield tag="008">210204b           ||||| |||| 00| 0 spa d</controlfield>
  <datafield tag="020" ind1=" " ind2=" ">
    <subfield code="a">9788494201547</subfield>
  </datafield>
  <datafield tag="040" ind1=" " ind2=" ">
    <subfield code="c">CO-MqBPB</subfield>
  </datafield>
  <datafield tag="082" ind1=" " ind2=" ">
    <subfield code="a">AP</subfield>
    <subfield code="b">WHIT</subfield>
  </datafield>
  <datafield tag="100" ind1=" " ind2=" ">
    <subfield code="a">Whitman, Walt</subfield>
  </datafield>
  <datafield tag="245" ind1=" " ind2=" ">
    <subfield code="a">D&#xED;as Memorables de Am&#xE9;rica/</subfield>
    <subfield code="c">Walt Whitman</subfield>
  </datafield>
  <datafield tag="260" ind1=" " ind2=" ">
    <subfield code="a">Madrid :</subfield>
    <subfield code="b">Desvan de Handa,</subfield>
    <subfield code="c">2016.</subfield>
  </datafield>
  <datafield tag="300" ind1=" " ind2=" ">
    <subfield code="a">352 pg.</subfield>
    <subfield code="b">Pasta R&#xFA;stica,</subfield>
    <subfield code="c">21 cm.</subfield>
  </datafield>
  <datafield tag="500" ind1=" " ind2=" ">
    <subfield code="a">Walt Whitman empez&#xF3; este Diario a fines de 1862, en pleno fragor de la guerra de Secesi&#xF3;n que asol&#xF3; los Estados Unidos de Am&#xE9;rica. A su condici&#xF3;n de poeta, Whitman sumaba la de periodista, por eso estas p&#xE1;ginas est&#xE1;n tocadas por la sensibilidad del artista, pero tambi&#xE9;n por la inmediatez y el rigor informativo de quien particip&#xF3; activamente en los hechos de unos d&#xED;as memorables y quiso dejar constancia de ellos con unos apuntes tomados a l&#xE1;piz, a vuela pluma sobre el terreno.

Es este un libro conmovedor, lleno de r&#xE1;pidos y certeros bocetos, pinceladas intuitivas, en&#xE9;rgicas y v&#xED;vidas; un libro complementario de su obra po&#xE9;tica, en cuyas p&#xE1;ginas late la misma grandiosidad contenida en lo apenas apreciable, id&#xE9;ntica comuni&#xF3;n con la Naturaleza, igual comprensi&#xF3;n, e igual afecto, hacia las personas, sus ideas, sus emociones y sus peripecias vitales.</subfield>
  </datafield>
  <datafield tag="650" ind1=" " ind2=" ">
    <subfield code="2">Literatura</subfield>
    <subfield code="v">Poesia.</subfield>
  </datafield>
  <datafield tag="650" ind1=" " ind2=" ">
    <subfield code="2">Literatura</subfield>
    <subfield code="v">Adulto</subfield>
  </datafield>
  <datafield tag="942" ind1=" " ind2=" ">
    <subfield code="2">ddc</subfield>
    <subfield code="c">BKLIT</subfield>
  </datafield>
  <datafield tag="999" ind1=" " ind2=" ">
    <subfield code="c">13025</subfield>
    <subfield code="d">13025</subfield>
  </datafield>
  <datafield tag="952" ind1=" " ind2=" ">
    <subfield code="0">0</subfield>
    <subfield code="1">0</subfield>
    <subfield code="2">ddc</subfield>
    <subfield code="4">0</subfield>
    <subfield code="7">0</subfield>
    <subfield code="8">LA</subfield>
    <subfield code="a">BPMOS</subfield>
    <subfield code="b">BPMOS</subfield>
    <subfield code="d">2021-02-04</subfield>
    <subfield code="f">Compra</subfield>
    <subfield code="i">nt</subfield>
    <subfield code="l">0</subfield>
    <subfield code="o">AP WHIT</subfield>
    <subfield code="p">MOS500786</subfield>
    <subfield code="r">2021-02-04</subfield>
    <subfield code="t">ej 1</subfield>
    <subfield code="w">2021-02-04</subfield>
    <subfield code="y">BKLIT</subfield>
    <subfield code="z">Quince dias</subfield>
  </datafield>
  <datafield tag="952" ind1=" " ind2=" ">
    <subfield code="0">0</subfield>
    <subfield code="1">0</subfield>
    <subfield code="2">ddc</subfield>
    <subfield code="4">0</subfield>
    <subfield code="7">0</subfield>
    <subfield code="8">LA</subfield>
    <subfield code="a">BPMOS</subfield>
    <subfield code="b">BPMOS</subfield>
    <subfield code="d">2021-02-04</subfield>
    <subfield code="f">Compra</subfield>
    <subfield code="i">nt</subfield>
    <subfield code="l">0</subfield>
    <subfield code="o">AP WHIT</subfield>
    <subfield code="p">MOS500787</subfield>
    <subfield code="r">2021-02-04</subfield>
    <subfield code="t">ej 2</subfield>
    <subfield code="w">2021-02-04</subfield>
    <subfield code="y">BKLIT</subfield>
    <subfield code="z">Quince dias</subfield>
  </datafield>
</record>
